[Event "Eurasian Blitz Chess Cup"]
[Site "Almaty KAZ"]
[Date "2016.06.18"]
[Round "3.17"]
[White "Saric, Ivan"]
[Black "Dzhumagaliev, Yan"]
[Result "1/2-1/2"]
[WhiteTitle "GM"]
[BlackTitle "FM"]
[WhiteElo "2660"]
[BlackElo "2400"]
[WhiteFideId "14508150"]
[BlackFideId "24100110"]
[EventDate "2016.06.18"]

1. e4 c5 2. Nf3 e6 3. d4 cxd4 4. Nxd4 Nc6 5. Nc3 Qc7 6. Be3 a6 7. Qf3 Ne5 8. Qg3
h5 9. Bf4 d6 10. Bg5 Ng6 11. O-O-O h4 12. Qd3 Ne5 13. Qd2 Nf6 14. f4 Ned7 15. f5
Ne5 16. Kb1 Be7 17. Be2 Bd7 18. fxe6 fxe6 19. Nf3 O-O-O 20. Nxh4 Bc6 21. Nf3
Nxe4 22. Nxe4 Bxe4 23. Bxe7 Qxe7 24. Nxe5 dxe5 25. Bd3 Bd5 26. Rde1 Qc7 27. Qe2
Rh4 28. Qxe5 Qxe5 29. Rxe5 Bxg2 30. Rg1 Rxh2 31. Rxe6 g5 32. b3 Rdh8 33. Rg6 Rh1
34. Rxh1 Rxh1+ 35. Kb2 Kc7 36. Rg7+ Kb6 37. Rg6+ Bc6 38. Rxg5 Rh2 39. a4 a5 40.
Rg6 Kc5 41. Kc3 Rh3 42. Rg5+ Kb6 43. Re5 Rh4 44. Kb2 Rh2 45. Rg5 Rf2 46. Rg6 Kc5
47. Rg5+ Kb6 48. Kc3 Rf4 49. Re5 Rh4 50. Bb5 Be4 51. Re6+ Kc5 52. Bd3 Bc6 53.
Re5+ Kb6 54. Rg5 Rf4 55. Re5 Rh4 1/2-1/2

[Event "Eurasian Blitz Chess Cup"]
[Site "Almaty KAZ"]
[Date "2016.06.18"]
[Round "3.18"]
[White "Vakhidov, Jahongir"]
[Black "Amonatov, Farrukh"]
[Result "0-1"]
[WhiteTitle "GM"]
[BlackTitle "GM"]
[WhiteElo "2578"]
[BlackElo "2614"]
[WhiteFideId "14201801"]
[BlackFideId "14700077"]
[EventDate "2016.06.18"]

1. d4 Nf6 2. Nf3 g6 3. c4 Bg7 4. g3 O-O 5. Bg2 d6 6. Nc3 Nbd7 7. O-O e5 8. dxe5
dxe5 9. h3 c6 10. Qc2 Qe7 11. Rd1 Nc5 12. e4 a5 13. Be3 Nfd7 14. Rd2 Ne6 15.
Rad1 Ndc5 16. b3 Re8 17. Kh2 h6 18. Qc1 Kh7 19. Qc2 Bd7 20. Na4 Bc8 21. Nb6 Ra6
22. Nxc8 Rxc8 23. h4 Raa8 24. Bh3 Rd8 25. h5 Qf6 26. hxg6+ fxg6 27. Bg2 Qe7 28.
Nh4 Nd4 29. Bxd4 exd4 30. e5 d3 31. Rxd3 Nxd3 32. Rxd3 Rxd3 33. Qxd3 Qxe5 34.
Qxg6+ Kh8 35. Be4 Kg8 36. Nf5 Qf6 37. Qg4 Qg5 38. Qd1 Re8 39. f3 Qd8 40. Qc2 Qf6
41. Kh3 Qa1 42. c5 Qc3 43. Nxh6+ Kf8 44. Qxc3 Bxc3 45. Nf5 Bb4 46. Nd6 Re7 47.
Nc4 Bxc5 48. Nxa5 Bb4 49. Nc4 b5 50. Ne3 Bc3 51. Nd1 Bd4 52. g4 c5 53. g5 c4 54.
bxc4 bxc4 55. Kg4 c3 56. Nxc3 Bxc3 57. a4 Bd2 58. Bc6 Re5 59. f4 Rc5 60. Bb5 Rd5
61. f5 Rc5 62. Bd7 Ke7 63. Bb5 Kd6 64. Bd3 Rd5 65. Bb5 Ke5 66. f6 Kd6 67. Bd3
Rxg5+ 68. Kf3 Rg8 69. Bc4 Rf8 70. f7 Ke7 71. Ke4 Rd8 72. Bd5 Bc3 73. Bb3 Rd4+
74. Ke3 Rb4 0-1

[Event "Eurasian Blitz Chess Cup"]
[Site "Almaty KAZ"]
[Date "2016.06.18"]
[Round "3.19"]
[White "Khusnutdinov, Rustam"]
[Black "Nurgali, Nazerke"]
[Result "1-0"]
[WhiteTitle "GM"]
[BlackTitle "WCM"]
[WhiteElo "2476"]
[BlackElo "1953"]
[WhiteFideId "13701703"]
[BlackFideId "13711261"]
[EventDate "2016.06.18"]

1. Nc3 Nf6 2. e4 e5 3. g3 d5 4. exd5 Nxd5 5. Bg2 Nxc3 6. bxc3 Nc6 7. Ne2 Bc5 8.
O-O O-O 9. d3 Bg4 10. h3 Bh5 11. Be3 Bb6 12. Qd2 Re8 13. g4 Bg6 14. Ng3 Qd7 15.
Rae1 Rad8 16. Qc1 Ne7 17. Bxb6 axb6 18. Rxe5 f6 19. Re2 Bf7 20. Rfe1 Ng6 21. a3
Rxe2 22. Rxe2 Nh4 23. Qf4 c6 24. a4 Re8 25. Re3 Ng6 26. Rxe8+ Qxe8 27. Qe3 Qxe3
28. fxe3 Ba2 29. Bf3 Ne5 30. Bd1 Nd7 31. Ne4 Bd5 32. Nd6 c5 33. c4 Bc6 34. c3
Kf8 35. d4 cxd4 36. cxd4 Nb8 37. d5 Bd7 38. Nxb7 Ke7 39. c5 bxc5 40. Nxc5 Kd6
41. Nxd7 Nxd7 42. e4 Nb6 43. a5 Nc8 44. a6 Kc5 45. Kf2 Kd4 46. Kf3 Kc5 47. Kf4
Nd6 48. a7 1-0

[Event "Eurasian Blitz Chess Cup"]
[Site "Almaty KAZ"]
[Date "2016.06.18"]
[Round "3.20"]
[White "Balabayeva, Kseniya"]
[Black "Sjugirov, Sanan"]
[Result "1-0"]
[BlackTitle "GM"]
[WhiteElo "1543"]
[BlackElo "2665"]
[WhiteFideId "13719688"]
[BlackFideId "4189302"]
[EventDate "2016.06.18"]

1. e4 e5 2. f4 d5 3. exd5 exf4 4. Nf3 Nf6 5. Bc4 Nxd5 6. Bb3 Be7 7. O-O O-O 8.
c4 Nf6 9. d4 Bg4 10. d5 Bc5+ 11. Kh1 Nh5 12. Qd3 Qf6 13. Bd2 Qh6 14. Be1 Re8 15.
Bh4 Re3 16. Qd2 Bxf3 17. Rxf3 Nd7 18. Rxe3 fxe3 19. Qe1 Nf4 20. Bg3 Nd3 21. Qd1
Nf2+ 22. Bxf2 exf2 23. Nc3 Re8 24. Qf1 Nf6 25. Ne2 Ng4 1-0

[Event "Eurasian Blitz Chess Cup"]
[Site "Almaty KAZ"]
[Date "2016.06.18"]
[Round "3.21"]
[White "Sanikidze, Tornike"]
[Black "Nepomniachtchi, Ian"]
[Result "0-1"]
[WhiteTitle "GM"]
[BlackTitle "GM"]
[WhiteElo "2548"]
[BlackElo "2719"]
[WhiteFideId "13602608"]
[BlackFideId "4168119"]
[EventDate "2016.06.18"]

1. d4 Nf6 2. c4 g6 3. f3 c5 4. d5 e6 5. e4 d6 6. Nc3 Bg7 7. Nge2 exd5 8. cxd5 a6
9. a4 O-O 10. Ng3 h5 11. Bg5 Nbd7 12. Be2 Qb6 13. Qc2 Nh7 14. Be3 Bd4 15. Nf1
Ne5 16. a5 Qd8 17. Qd2 Qh4+ 18. g3 Qf6 19. f4 Ng4 20. Bxg4 Bxg4 21. Ra4 Bxc3 22.
Qxc3 Rfe8 23. Nd2 Bh3 24. Kf2 Re7 25. Re1 Rae8 26. e5 Rxe5 27. Nf3 R5e7 28. Ng5
Qxc3 29. bxc3 Nf6 30. Nxh3 Ng4+ 31. Kg1 Rxe3 32. Rxe3 Rxe3 33. Ra3 Re1+ 34. Kg2
Re2+ 35. Kg1 Rxh2 36. Ng5 Rb2 37. Ne4 Ne3 38. c4 Nxc4 39. Rc3 Rb4 40. Rc2 Ne3
41. Nf6+ Kg7 42. Ne8+ Kf8 43. Re2 Kxe8 0-1

[Event "Eurasian Blitz Chess Cup"]
[Site "Almaty KAZ"]
[Date "2016.06.18"]
[Round "3.22"]
[White "Le, Quang Liem"]
[Black "Vallejo Pons, Francisco"]
[Result "1/2-1/2"]
[WhiteTitle "GM"]
[BlackTitle "GM"]
[WhiteElo "2718"]
[BlackElo "2711"]
[WhiteFideId "12401137"]
[BlackFideId "2205530"]
[EventDate "2016.06.18"]

1. d4 Nf6 2. c4 e6 3. Nc3 Bb4 4. e3 O-O 5. Bd3 d5 6. Nf3 b6 7. O-O Bb7 8. cxd5
exd5 9. a3 Bd6 10. b4 a6 11. Qb3 Nbd7 12. Bb2 b5 13. a4 c6 14. Rfe1 Re8 15. a5
Ne4 16. Rad1 f5 17. g3 Qf6 18. Na2 g5 19. Qc2 Re6 20. Nd2 Rae8 21. Nb3 g4 22.
Nc5 Ndxc5 23. dxc5 Be5 24. Bxe4 fxe4 25. Bd4 Rf8 26. Nc1 Bxd4 27. exd4 Qf5 28.
Re3 Rh6 29. Qe2 Bc8 30. Qf1 Qg5 31. Ne2 Rf3 32. Nf4 Bd7 1/2-1/2

[Event "Eurasian Blitz Chess Cup"]
[Site "Almaty KAZ"]
[Date "2016.06.18"]
[Round "3.23"]
[White "Kasimdzhanov, Rustam"]
[Black "Pantsulaia, Levan"]
[Result "1/2-1/2"]
[WhiteTitle "GM"]
[BlackTitle "GM"]
[WhiteElo "2703"]
[BlackElo "2612"]
[WhiteFideId "14200244"]
[BlackFideId "13602071"]
[EventDate "2016.06.18"]

1. e4 c5 2. Nf3 e6 3. d4 cxd4 4. Nxd4 a6 5. c4 Nf6 6. Nc3 Qc7 7. a3 Nxe4 8. Nxe4
Qe5 9. Bd3 Qxd4 10. O-O Nc6 11. Be3 Qxb2 12. Rb1 Qxa3 13. Rb3 Qe7 14. Re1 f5 15.
Bc5 Qf7 16. Nd6+ Bxd6 17. Bxd6 Qf6 18. c5 b5 19. cxb6 Bb7 20. Bf1 a5 21. Rg3 h5
22. h3 h4 23. Rge3 a4 24. Ba3 Rh6 25. Rd3 Rd8 26. Bd6 Rg6 27. Bc7 a3 28. Bxd8
Qxd8 29. Qb3 a2 30. Qxa2 Qxb6 31. Rb3 Qc7 32. Qb2 Bc8 33. Rc1 Kf7 34. Bb5 Qd6
35. Bxc6 dxc6 36. Rbc3 Qd5 37. f3 Bd7 38. Qe2 Be8 39. Qf2 Qe5 40. Qxh4 Qe2 41.
Qf2 Qxf2+ 42. Kxf2 e5 43. Re3 Re6 44. Rce1 Kf6 45. g4 f4 46. R3e2 g5 47. Rc1 Rd6
48. Rc5 Re6 49. Rec2 Bg6 50. R2c3 Be8 51. Rc1 Rd6 52. Re1 Re6 53. Re2 Bg6 54.
Rd2 Be8 55. Rd8 Bg6 56. Rc8 Be8 57. Rc7 Rd6 58. Rc8 Re6 59. Rd8 Ke7 60. Rd2 Kf6
61. Rd1 Bg6 62. Rd8 e4 63. fxe4 Bxe4 64. Rf8+ Ke7 65. Rg8 Bd5 66. Rxg5 Kd6 67.
Rc2 Re3 68. h4 Rh3 69. Ke1 Rh1+ 70. Kd2 Rxh4 71. Rg7 Ke5 72. Rc1 Kd4 73. Rf1
Rh2+ 74. Ke1 Ke3 75. Re7+ Be4 76. Ra7 Re2+ 77. Kd1 f3 78. Ra3+ Kf4 79. g5 Rg2
80. Ra5 Rb2 81. Rc5 Ke3 82. Rc3+ Kf4 83. g6 Rb1+ 84. Rc1 Rb7 85. Rc4 Rg7 86. Re1
Rd7+ 87. Kc1 Re7 88. g7 f2 89. Rf1 Rxg7 90. Rxf2+ Ke3 91. Rf8 Bd5 92. Rc3+ Kd4
93. Ra3 Rg2 94. Rf4+ Ke5 95. Rb4 1/2-1/2

[Event "Eurasian Blitz Chess Cup"]
[Site "Almaty KAZ"]
[Date "2016.06.18"]
[Round "3.24"]
[White "Nogerbek, Kazybek"]
[Black "Jumabayev, Rinat"]
[Result "0-1"]
[WhiteTitle "CM"]
[BlackTitle "GM"]
[WhiteElo "2057"]
[BlackElo "2613"]
[WhiteFideId "13710427"]
[BlackFideId "13702661"]
[EventDate "2016.06.18"]

1. e4 c5 2. Nf3 d6 3. d4 cxd4 4. Nxd4 Nf6 5. Nc3 Nc6 6. Bg5 Bd7 7. Qd2 Rc8 8.
O-O-O Nxd4 9. Qxd4 Qa5 10. Bd2 e5 11. Qd3 h6 12. Kb1 Qc7 13. f4 a6 14. h3 Be6
15. Nd5 Bxd5 16. exd5 Nxd5 17. Be2 Nf6 18. Bf3 Be7 19. g4 exf4 20. Bxf4 O-O 21.
h4 Nd7 22. g5 Nc5 23. Qd2 Ne6 24. Be3 Rfe8 25. gxh6 g6 26. h5 g5 27. Bd5 Kh8 28.
c3 Bf6 29. Bxe6 Rxe6 30. Bxg5 Be5 31. Bf4 Qc6 32. Bxe5+ dxe5 33. Rhg1 Rxh6 34.
Qg5 Qf6 35. Qxf6+ Rxf6 36. Rd7 Re8 37. Rxb7 e4 38. Kc2 e3 39. Re1 Rf2+ 40. Kd3
Rd2+ 41. Kc4 f5 42. Rf7 Re4+ 43. Kb3 f4 44. h6 e2 45. Rg1 e1=Q 46. Rf8+ Kh7 47.
Rf7+ Kxh6 48. Rf6+ Kh5 49. Rf5+ Kh4 0-1

[Event "Eurasian Blitz Chess Cup"]
[Site "Almaty KAZ"]
[Date "2016.06.18"]
[Round "6.2"]
[White "Amonatov, Farrukh"]
[Black "Jones, Gawain C B"]
[Result "1-0"]
[WhiteTitle "GM"]
[BlackTitle "GM"]
[WhiteElo "2614"]
[BlackElo "2650"]
[WhiteFideId "14700077"]
[BlackFideId "409561"]
[EventDate "2016.06.18"]

1. e4 c5 2. Nc3 Nc6 3. Bb5 Nd4 4. Nf3 a6 5. Bd3 e6 6. Nxd4 cxd4 7. Ne2 d5 8. e5
Qg5 9. Nxd4 Qxe5+ 10. Ne2 Nf6 11. c3 Qc7 12. Bc2 Bd6 13. d4 Bd7 14. h3 b5 15.
O-O a5 16. Bg5 Bc6 17. Qd2 Ne4 18. Bxe4 dxe4 19. Bf4 O-O 20. Rfe1 Rfd8 21. Bxd6
Qxd6 22. Ng3 f5 23. Qg5 h6 24. Qh4 Qf8 25. Qh5 Ra7 26. Rad1 Rd5 27. f4 Rf7 28.
Nf1 Rf6 29. Ne3 Rd7 30. b3 Qd8 31. Rd2 b4 32. Rc1 bxc3 33. Rxc3 Rxd4 34. Rdc2
Be8 35. Qe2 Kh7 36. Rc8 Qe7 37. R2c7 Bd7 38. Ra8 Rd3 39. Raa7 Qd8 40. Nc4 Rg3
41. Ne5 Bb5 42. Qxb5 Qd2 43. Qf1 e3 44. Nf3 Rxf3 45. Rxg7+ Kh8 46. Qxf3 1-0

[Event "Eurasian Blitz Chess Cup"]
[Site "Almaty KAZ"]
[Date "2016.06.18"]
[Round "6.3"]
[White "Khusnutdinov, Rustam"]
[Black "Artemiev, Vladislav"]
[Result "0-1"]
[WhiteTitle "GM"]
[BlackTitle "GM"]
[WhiteElo "2476"]
[BlackElo "2653"]
[WhiteFideId "13701703"]
[BlackFideId "24101605"]
[EventDate "2016.06.18"]

1. Nc3 c5 2. Nf3 d6 3. d4 cxd4 4. Nxd4 Nf6 5. e4 a6 6. Bc4 e6 7. Bb3 Nbd7 8. Bg5
h6 9. Bh4 Nc5 10. O-O Be7 11. Re1 Qc7 12. f4 Nxb3 13. axb3 g5 14. fxg5 hxg5 15.
Bxg5 Rg8 16. Bh4 Qc5 17. Na4 Qc7 18. Qf3 Ng4 19. Bxe7 Qxe7 20. Nb6 Rb8 21. h3
Ne5 22. Qc3 Qd8 23. Nc4 Qg5 24. Re2 Nxc4 25. bxc4 Bd7 26. Ra5 Qf4 27. Qe3 Qxe3+
28. Rxe3 Rc8 29. b3 Ke7 30. Rh5 Rg7 31. Kf2 b5 32. cxb5 axb5 33. c3 Ra8 34. g4
b4 35. c4 Ra2+ 36. Re2 Ra3 37. Rb2 Rg8 38. Nc2 Ra7 39. Nxb4 Rb8 40. Nd3 Ra3 41.
Nc1 Bc6 42. Ke3 Ra1 43. Kd2 Bxe4 44. b4 Rc8 45. Nb3 Ra4 46. Na5 Ra3 47. Ke1 Bg6
48. Rb5 Rxh3 49. Rb7+ Kf6 50. b5 Rch8 51. Rf2+ Kg5 52. b6 Ra3 53. Nc6 Rh1+ 54.
Kd2 Ra2+ 55. Ke3 Rh3+ 56. Rf3 Ra3+ 57. Kd4 Rhxf3 0-1

[Event "Eurasian Blitz Chess Cup"]
[Site "Almaty KAZ"]
[Date "2016.06.18"]
[Round "6.5"]
[White "Hou, Yifan"]
[Black "Nepomniachtchi, Ian"]
[Result "1-0"]
[WhiteTitle "GM"]
[BlackTitle "GM"]
[WhiteElo "2663"]
[BlackElo "2719"]
[WhiteFideId "8602980"]
[BlackFideId "4168119"]
[EventDate "2016.06.18"]

1. e4 c5 2. Nf3 d6 3. Bb5+ Bd7 4. c4 g6 5. d4 cxd4 6. Nxd4 Bg7 7. Nc3 Nc6 8. Be3
Nf6 9. h3 O-O 10. O-O Rc8 11. Rc1 a6 12. Bxc6 Bxc6 13. Qd3 Nd7 14. b3 e6 15.
Rfd1 Qe7 16. Qe2 Nc5 17. Qc2 f5 18. exf5 gxf5 19. Nxc6 Rxc6 20. Bd4 Bh6 21. Rb1
Nd7 22. Re1 Qf7 23. Qe2 e5 24. Be3 f4 25. Bc1 f3 26. Qxf3 Qxf3 27. gxf3 Bxc1 28.
Rbxc1 Rxf3 29. Nd5 Kf7 30. Kg2 Rf5 31. Rcd1 a5 32. Re3 Nf6 33. Nc3 h5 34. Nb5
Ne8 35. Rd5 Rf6 36. Nc3 Nc7 37. Rxa5 Ne6 38. Ra7 Nf4+ 39. Kf1 Rc7 40. Rg3 h4 41.
Re3 Rg6 42. Ra8 Ke6 43. Re8+ Kd7 44. Rh8 Kc6 45. Nd5 Nxd5 46. cxd5+ Kxd5 47.
Rd3+ Ke4 48. Re3+ Kd5 49. Rxh4 Rc2 50. Rd3+ Ke6 51. a4 Rf6 52. f3 Rg6 53. Rg4
Rh6 54. h4 Rh2 55. Re3 R6xh4 56. Rxh4 Rxh4 57. Ke2 d5 58. Kd3 d4 59. Re2 Kd5 60.
Rg2 Rh3 1-0

[Event "Eurasian Blitz Chess Cup"]
[Site "Almaty KAZ"]
[Date "2016.06.18"]
[Round "6.7"]
[White "Saric, Ivan"]
[Black "Onischuk, Vladimir"]
[Result "1/2-1/2"]
[WhiteTitle "GM"]
[BlackTitle "GM"]
[WhiteElo "2660"]
[BlackElo "2613"]
[WhiteFideId "14508150"]
[BlackFideId "14114038"]
[EventDate "2016.06.18"]

1. e4 d6 2. d4 Nf6 3. Nc3 g6 4. Be3 c6 5. h3 Nbd7 6. Bd3 e5 7. Nf3 Bg7 8. O-O
O-O 9. Qd2 Re8 10. Rfe1 Qe7 11. a4 a5 12. Rad1 Qf8 13. Bc4 exd4 14. Bxd4 Ne5 15.
Nxe5 dxe5 16. Be3 Nd7 17. f3 Nc5 18. Qf2 Ne6 19. Bxe6 Rxe6 20. Bc5 Qe8 21. Rd3
Bf6 22. Red1 Kg7 23. Nb1 b5 24. Rd6 Rxd6 25. Rxd6 Be6 26. Nc3 Rd8 27. Qd2 b4 28.
Nd1 Be7 29. Rxd8 Bxd8 30. Nf2 Qd7 31. Qxd7 Bxd7 32. Nd3 f6 33. Kf2 h5 34. g4 h4
35. Ke3 Kf7 36. Kd2 Bc7 37. c3 bxc3+ 38. Kxc3 f5 39. b4 axb4+ 40. Kxb4 Bc8 41.
Kc3 Ba6 42. Bb4 Kf6 43. Kd2 Bb6 44. Nc5 Bxc5 45. Bxc5 Ke6 46. Ke3 1/2-1/2

[Event "Eurasian Blitz Chess Cup"]
[Site "Almaty KAZ"]
[Date "2016.06.18"]
[Round "6.8"]
[White "Mamedov, Rauf"]
[Black "Ghaem Maghami, Ehsan"]
[Result "1-0"]
[WhiteTitle "GM"]
[BlackTitle "GM"]
[WhiteElo "2655"]
[BlackElo "2551"]
[WhiteFideId "13401653"]
[BlackFideId "12500739"]
[EventDate "2016.06.18"]

1. e4 c5 2. Nf3 e6 3. d4 cxd4 4. Nxd4 a6 5. Bd3 Nf6 6. O-O Qc7 7. Nc3 b5 8. Re1
Bd6 9. h3 Nc6 10. Nxc6 dxc6 11. Qe2 Be5 12. a4 Bb7 13. f4 Bxf4 14. Bxf4 Qxf4 15.
e5 Nd7 16. Rad1 Rd8 17. Ne4 Qxe5 18. Qf2 Qc7 19. Qh4 h6 20. Ng5 O-O 21. Bh7+ Kh8
22. Bg6 Kg8 23. Bxf7+ Rxf7 24. Nxf7 Kxf7 25. Qh5+ Kg8 26. Qg4 1-0

[Event "Eurasian Blitz Chess Cup"]
[Site "Almaty KAZ"]
[Date "2016.06.18"]
[Round "6.9"]
[White "Jobava, Baadur"]
[Black "Gelfand, Boris"]
[Result "1-0"]
[WhiteTitle "GM"]
[BlackTitle "GM"]
[WhiteElo "2669"]
[BlackElo "2734"]
[WhiteFideId "13601520"]
[BlackFideId "2805677"]
[EventDate "2016.06.18"]

1. d4 Nf6 2. Nc3 d5 3. Bf4 e6 4. Nb5 Bb4+ 5. c3 Ba5 6. a4 a6 7. b4 axb5 8. axb5
b6 9. bxa5 bxa5 10. e3 Nbd7 11. Nf3 Bb7 12. Bd3 c5 13. bxc6 Bxc6 14. Bd6 Ne4 15.
Ba3 f6 16. O-O Kf7 17. Bxe4 dxe4 18. Nd2 Nb6 19. c4 Re8 20. Qc2 f5 21. Rfb1 Kg8
22. Bc5 Nd7 23. Bd6 Qc8 24. h3 a4 25. Rb4 Qa6 26. Nb1 Nb6 27. Na3 Nd7 28. Qb2
Rac8 29. Bg3 h6 30. Nb5 Bxb5 31. cxb5 Qb7 32. Rbxa4 Ra8 33. Rxa8 Rxa8 34. Rxa8+
Qxa8 35. Qc3 Nb6 36. Qc7 Nd5 37. Qd7 Kh7 38. Be5 Qg8 39. Kh2 h5 40. h4 Kh6 41.
g3 g5 42. hxg5+ Kxg5 43. Bc7 Kg4 44. Qd8 Qg7 45. Kg2 f4 46. Qh4+ Kf5 47. Qxh5+
Kf6 48. Bd8+ 1-0

[Event "Eurasian Blitz Chess Cup"]
[Site "Almaty KAZ"]
[Date "2016.06.18"]
[Round "6.13"]
[White "Anton Guijarro, David"]
[Black "Kasimdzhanov, Rustam"]
[Result "0-1"]
[WhiteTitle "GM"]
[BlackTitle "GM"]
[WhiteElo "2627"]
[BlackElo "2703"]
[WhiteFideId "2285525"]
[BlackFideId "14200244"]
[EventDate "2016.06.18"]

1. e4 e5 2. Nf3 Nc6 3. Bb5 Nf6 4. d3 Bc5 5. Bxc6 dxc6 6. Nbd2 Be6 7. Nb3 Bd6 8.
Na5 Rb8 9. Qe2 c5 10. Bd2 O-O 11. h3 Qe8 12. Nc4 Nd7 13. O-O b5 14. Ne3 Nb6 15.
Ng5 Bd7 16. c4 f6 17. Nf3 bxc4 18. dxc4 Nc8 19. b3 Ne7 20. Nd5 Nxd5 21. exd5 e4
22. Nh2 f5 23. Rae1 Qg6 24. f4 exf3 25. Nxf3 Rbe8 26. Qd3 Re4 27. Bc3 Qg3 28.
Qd2 Rfe8 29. Qg5 h6 30. Qxg3 Bxg3 31. Rd1 Re2 32. Be1 Bd6 33. Rf2 g5 34. Rxe2
Rxe2 35. Rd2 Re4 36. Bf2 g4 37. hxg4 fxg4 38. Ne1 g3 0-1

[Event "Eurasian Blitz Chess Cup"]
[Site "Almaty KAZ"]
[Date "2016.06.18"]
[Round "6.14"]
[White "Savchenko, Boris"]
[Black "Marin, Mihail"]
[Result "0-1"]
[WhiteTitle "GM"]
[BlackTitle "GM"]
[WhiteElo "2633"]
[BlackElo "2576"]
[WhiteFideId "4147332"]
[BlackFideId "1200020"]
[EventDate "2016.06.18"]

1. e4 d6 2. d4 Nf6 3. Nc3 g6 4. Be2 Bg7 5. Be3 O-O 6. Nf3 c6 7. a4 Qc7 8. Nd2 b6
9. O-O Nbd7 10. f4 Bb7 11. Qe1 a6 12. Qh4 c5 13. d5 e6 14. dxe6 fxe6 15. f5 exf5
16. exf5 Rae8 17. Bh6 d5 18. fxg6 hxg6 19. Bd3 Ne5 20. Bxg7 Kxg7 21. Bxa6 Bxa6
22. Rxf6 Bb7 23. Raf1 Qe7 24. R6f4 Qxh4 25. Rxh4 Rxf1+ 26. Kxf1 g5 27. Rh3 d4
28. Nce4 Nf7 29. Nf2 Ba6+ 30. Nd3 c4 31. b4 cxd3 32. cxd3 Re3 33. b5 Rxh3 34.
gxh3 Bc8 35. Nc4 Bxh3+ 36. Ke2 Bf5 37. Nxb6 Ne5 38. Kd2 Bxd3 39. Nd7 Nxd7 40.
Kxd3 Nc5+ 41. Kxd4 Nxa4 42. Ke4 Kg6 43. Kf3 Nb6 44. Kg4 Nc4 45. h4 Ne5+ 46. Kg3
g4 47. Kf4 Kh5 48. Kxe5 g3 49. b6 g2 50. b7 g1=Q 0-1

[Event "Eurasian Blitz Chess Cup"]
[Site "Almaty KAZ"]
[Date "2016.06.18"]
[Round "6.15"]
[White "Gunina, Valentina"]
[Black "Vallejo Pons, Francisco"]
[Result "1-0"]
[WhiteTitle "GM"]
[BlackTitle "GM"]
[WhiteElo "2518"]
[BlackElo "2711"]
[WhiteFideId "4167570"]
[BlackFideId "2205530"]
[EventDate "2016.06.18"]

1. d4 Nf6 2. c4 e6 3. Nf3 b6 4. g3 c6 5. Bg2 d5 6. O-O Be7 7. b3 O-O 8. Bb2 a5
9. Nbd2 a4 10. bxa4 Nbd7 11. cxd5 cxd5 12. Qb3 Bb7 13. Rac1 Ra7 14. Nb1 Ba6 15.
Nc3 Ne4 16. Nxe4 dxe4 17. Nd2 Bxe2 18. Rfe1 e3 19. fxe3 Ba6 20. e4 Bg5 21. Rc2
Nf6 22. Nf3 Bh6 23. Ne5 Bb7 24. Nc6 Bxc6 25. Rxc6 Ng4 26. h3 Nf6 27. d5 exd5 28.
exd5 Nh5 29. Qf3 Qg5 30. Re5 f5 31. Bc1 Qxg3 32. Qxg3 Nxg3 33. Bxh6 gxh6 34. d6
Rxa4 35. d7 Rd4 36. Bd5+ Kg7 37. Re7+ Kh8 38. Re8 1-0

[Event "Eurasian Blitz Chess Cup"]
[Site "Almaty KAZ"]
[Date "2016.06.18"]
[Round "6.16"]
[White "Jumabayev, Rinat"]
[Black "Megaranto, Susanto"]
[Result "0-1"]
[WhiteTitle "GM"]
[BlackTitle "GM"]
[WhiteElo "2613"]
[BlackElo "2535"]
[WhiteFideId "13702661"]
[BlackFideId "7101384"]
[EventDate "2016.06.18"]

1. Nf3 Nf6 2. c4 d6 3. d4 Bg4 4. g3 c6 5. Bg2 e6 6. h3 Bxf3 7. Bxf3 d5 8. Qb3
Qb6 9. O-O Nbd7 10. Rd1 Be7 11. Qc2 O-O 12. Nc3 Rad8 13. b3 Rfe8 14. e3 Qc7 15.
Bb2 Qb8 16. Bg2 g6 17. Rab1 Bf8 18. a3 Bg7 19. Ne2 Nh5 20. e4 dxe4 21. Bxe4 Nhf6
22. Bg2 h5 23. b4 a6 24. a4 Rc8 25. Bc1 b5 26. Bf4 Qa7 27. Ra1 bxc4 28. Qxc4 Nd5
29. Bd2 e5 30. dxe5 Nxe5 31. Qc2 Ng4 32. Be1 Nge3 33. fxe3 Bxa1 34. Bf2 Nxe3 35.
Qc1 Bg7 36. Rd3 Qb8 37. Bxe3 Qxb4 38. Bf3 Rcd8 39. Rxd8 Rxd8 40. Qc2 Re8 41. Kf2
Qe7 42. Bc5 Qd7 43. Qc4 Qxh3 44. Bxc6 Re6 45. Bf3 Qh2+ 46. Ke1 Qxg3+ 47. Kd2
Qxf3 0-1

[Event "Eurasian Blitz Chess Cup"]
[Site "Almaty KAZ"]
[Date "2016.06.18"]
[Round "6.17"]
[White "Shoker, Samy"]
[Black "Smirin, Ilia"]
[Result "1-0"]
[WhiteTitle "GM"]
[BlackTitle "GM"]
[WhiteElo "2489"]
[BlackElo "2676"]
[WhiteFideId "627143"]
[BlackFideId "2801990"]
[EventDate "2016.06.18"]

1. Nf3 Nf6 2. g3 g6 3. Bg2 Bg7 4. O-O O-O 5. d3 d5 6. Nbd2 c5 7. e4 Nc6 8. Re1
e5 9. exd5 Nxd5 10. a3 Re8 11. Rb1 Bf5 12. Ne4 b6 13. Bg5 f6 14. Bd2 a5 15. Nc3
Be6 16. Na4 Rb8 17. c4 Nde7 18. Qc2 Nf5 19. Bc3 Qd7 20. b4 axb4 21. axb4 cxb4
22. Bxb4 Nfd4 23. Nxd4 Nxd4 24. Qd1 Bg4 25. f3 Bf5 26. Nc3 Be6 27. Ne4 f5 28.
Ng5 Kh8 29. Nxe6 Qxe6 30. f4 Qd7 31. fxe5 Rxe5 32. Rxe5 Bxe5 33. Qd2 Re8 34. Re1
Bg7 35. Rxe8+ Qxe8 36. Kf1 h5 37. Bd5 Kh7 38. Kg2 Bh6 39. Qf2 Be3 40. Qa2 f4 41.
Qa7+ Kh6 42. Qf7 f3+ 43. Kf1 Qxf7 44. Bxf7 g5 45. Bf8+ Kh7 46. Bxh5 f2 47. Bg4
Nb3 48. Kg2 Kg6 49. Be7 Kf7 50. Bb4 Kg6 51. Be2 Nd4 52. Bf1 Nf5 53. Ba3 Bd4 54.
Bc1 Ne3+ 55. Bxe3 Bxe3 56. Kf3 Bd4 57. Ke4 Bc5 58. d4 Bd6 59. Kd5 Bc7 60. Kc6
Bd8 61. c5 bxc5 62. dxc5 Kf6 63. Kd7 1-0

[Event "Eurasian Blitz Chess Cup"]
[Site "Almaty KAZ"]
[Date "2016.06.18"]
[Round "6.18"]
[White "Yilmaz, Mustafa"]
[Black "Dreev, Aleksey"]
[Result "0-1"]
[WhiteTitle "GM"]
[BlackTitle "GM"]
[WhiteElo "2613"]
[BlackElo "2664"]
[WhiteFideId "6302718"]
[BlackFideId "4100107"]
[EventDate "2016.06.18"]

1. d4 d5 2. c4 c6 3. Nf3 Nf6 4. Nc3 e6 5. e3 Nbd7 6. Qc2 b6 7. Bd3 Bb7 8. O-O
Be7 9. b3 dxc4 10. bxc4 c5 11. d5 exd5 12. cxd5 Nxd5 13. Nxd5 Bxd5 14. Rd1 Be6
15. Bb2 Bf6 16. Bb5 Bxb2 17. Qxb2 Qf6 18. Qd2 O-O 19. Qd6 Rfd8 20. Bc6 Rac8 21.
Bb7 Nf8 22. Qe5 Rxd1+ 23. Rxd1 Rd8 24. Ra1 Ng6 25. Qxf6 gxf6 26. Kf1 Ne5 27. Ke1
Nd3+ 28. Kf1 Bc4 29. Kg1 Ne5 30. a4 Bb3 31. Nxe5 fxe5 32. Bf3 c4 33. Kf1 c3 34.
Rc1 c2 35. Ke1 Bxa4 36. Ra1 Bb3 0-1